| 000 -Etiqueta do registo | |
|---|---|
| campo de controlo de comprimento fixo | 011010000a22002770004500 |
| 001 - Identificador do registo | |
| Campo de controlo | 48768 |
| 100 ## - Dados Gerais de Proc. | |
| Dados gerais de processamento | 20120516d2012 e y0pory5003 ba |
| 101 0# - Língua da publicação | |
| Língua do texto, banda sonora, etc. | Português |
| 102 ## - País de Publicação | |
| País de publicação | Portugal |
| 200 1# - Título | |
| Título próprio | A menina do mar |
| Primeira menção de responsabilidade | Sophia de Mello Breyner Andresen |
| Outras menções de responsabilidade | il. Luís Noronha da Costa |
| 205 ## - Menção da edição | |
| Menção da edição | 30.ª ed |
| 210 ## - Publicação, Distribuição | |
| Lugar da edição, distribuição, etc. | Porto |
| Nome do editor, distribuidor, etc. | Figueirinhas |
| Data da publicação, distribuição, etc. | [199-?] |
| 215 ## - Descrição física | |
| Descrição física | 46 p. |
| Outras indicações físicas | il. |
| 300 ## - Notas gerais | |
| Texto da nota | Livro recomendado pelo PNL |
| 606 ## - Nome comum | |
| Koha Internal code | 2126 |
| Elemento de entrada | Literatura juvenil |
| Subdivisão de assunto | Conto |
| 675 ## - CDU | |
| Notação | 821.134.3-34 |
| Edição | BN |
| Língua da edição | Português |
| 700 #1 - Responsabilidade principal | |
| Koha Internal Code | 7376 |
| Palavra de ordem | Andresen |
| Outra parte do nome | Sofia de Melo Breyner |
| Datas | 1919-2004 |
| 702 #1 - Responsabilidade secundária | |
| Koha Internal Code | 15598 |
| Código de função | Ilustrador |
| Palavra de ordem | Costa |
| Outra parte do nome | Luís Noronha |
| Datas | 1942- |
| 801 ## - Fonte de origem | |
| País | Portugal |
| Data da última transacção | 20120516 |
| 090 ## - Números de controlo do sistema (Koha) | |
| Número biblioitem do Koha (gerado automaticamente) | 48768 |
| 942 ## - Elementos de entrada adicionados (Koha) | |
| Tipo de item no Koha | Monografias |
| Suprimido | Disponível no OPAC |
| 999 ## - Campo local | |
| Campo local | 48768 |
| Removido (estado) | Perdido (estado) | Data de aquisição | Origem do registo (biblioteca) (codificado) | Código da organização que empresta ou é detentora (biblioteca) | Localização da prateleira | Código de barras | Número de inventário | Cota | Tipo de circulação (não pode ser emprestado) | Tipo de item e material |
|---|---|---|---|---|---|---|---|---|---|---|
| Disponível | Disponível | 2012-05-16 | Biblioteca EB23 D. Paio Peres Correia | Biblioteca EB23 D. Paio Peres Correia | Plano Nacional de Leitura – 2.º Ciclo | BEBDPPC2179 | 2179 | 82-34 AND | Normal | Monografias |
| Disponível | Disponível | 2012-05-16 | Biblioteca EB23 D. Paio Peres Correia | Biblioteca EB23 D. Paio Peres Correia | Plano Nacional de Leitura – 2.º Ciclo | BEBDPPC2180 | 2180 | 82-34 AND | Normal | Monografias |
| Disponível | Disponível | 2012-05-16 | Biblioteca EB23 D. Paio Peres Correia | Biblioteca EB23 D. Paio Peres Correia | Plano Nacional de Leitura – 2.º Ciclo | BEBDPPC2181 | 2181 | 82-34 AND | Normal | Monografias |
| Disponível | Disponível | 2012-05-16 | Biblioteca EB23 D. Paio Peres Correia | Biblioteca EB23 D. Paio Peres Correia | Plano Nacional de Leitura – 2.º Ciclo | BEBDPPC2182 | 2182 | 82-34 AND | Normal | Monografias |
| Disponível | Disponível | 2012-05-16 | Biblioteca EB23 D. Paio Peres Correia | Biblioteca EB23 D. Paio Peres Correia | Plano Nacional de Leitura – 2.º Ciclo | BEBDPPC2183 | 2183 | 82-34 AND | Normal | Monografias |
| Danificado | Disponível | 2012-05-16 | Biblioteca EB23 D. Paio Peres Correia | Biblioteca EB23 D. Paio Peres Correia | Plano Nacional de Leitura – 2.º Ciclo | BEBDPPC2184 | 2184 | 82-34 AND | Normal | Monografias |